000 00536nam a22002297a 4500
003 UA-OsUOA
001 120840
007 ta
008 20170222b un ||||| |||| 00| 0 ukr d
100 _aМуссолини Б.
090 _a329.18
_bМ91
942 _cBK
040 _aUA-OsUOA
_bukr
_cUA-OsUOA
_dUA-OsUOA
245 _aДоктрина фашизма
300 _a60 с.
955 _a1
041 _aukr
080 _a329.18
260 _aМ.
_bТриас
_c1995
650 7 _a32 Політика
_2UDC
999 _c406947
_d406947